000
00298nam a22001337a 4500
020
_a
81-7478-499-3
082
_a
920
_b
SRI/F
100
_a
SRINIVASAN,ARCHANA
245
_a
FAMOUS GREEK PERSONALITIES
260
_a
INDIA
_b
SURA BOOKS
_c
2004
300
_a
92
650
_a
BIOGRAHY
_z
INDIA
942
_c
BK
999
_c
6417
_d
6417